| 000 | 02243nam a2200277 i 4500 | ||
|---|---|---|---|
| 001 | 179954 | ||
| 003 | ES-MaACL | ||
| 005 | 20250719173737.0 | ||
| 008 | 120307m19992005sp |||| |dspa d | ||
| 020 | _a84-89794-23-5 | ||
| 080 | _a821.134.2-3"18" | ||
| 100 | 1 |
_aPardo Bazán, Emilia, _cCondesa de, _d1851-1921 _9176434 |
|
| 245 | 1 | 0 |
_aObras completas / _cEmilia Pardo Bazán ; [edición y prólogo de Darío Villanueva y José Manuel González Herrán]. |
| 260 |
_aMadrid : _bFundación José Antonio De Castro, _c[1999-2005] |
||
| 300 |
_a10 v. ; _c23 cm. |
||
| 490 | 1 | _aBiblioteca Castro | |
| 504 | _aBibliografía. | ||
| 505 | 8 |
_aContiene: 1-5 ; _tNovelas (XXXIX, 826 p.; XXV, 905 p.; XXVIII 963 p.; XXV, 777 p.; XXIV, 744 p.) - 6 ; _tNovelas cortas (XXVII, 965 p.) - 7-10 ; _tCuentos (XXXIII, 410 p.; XXIX, 841 p.; XXIX, 751 p.; XXXVI, 738 p.) |
|
| 505 | 8 | _aContiene: 1: Pascual López. Autobiografía de un estudiante de medicina. Un viaje de novios. La Tribuna. El cisne de Vilamorta - 2: Los pazos de Ulloa. La madre naturaleza. Insolación. Morriña - 3: Una cristiana. La prueba. La piedra angular. Doña Milagros. Memorias de un solterón - 4: El tesoro de Gastón. El saludo de las brujas. El niño de Guzmán. Misterio - 5: La quimera. La sirena negra. Dulce dueño - 6: Novelas ejemplares: Los tres arcos de Cirilo. Un drama. Mujer. Novelas cortas: El áncora. Cada uno... Allende la verdad. Belcebú. Finafrol. Lo gota de sangre. Arrastrado. En las cavernas. La muerte del poeta. La aventura de Isidro. La última fada. Clavileño. Dioses. La Pepona. La Serpe. Rodando - 7: La dama joven. Cuentos escogidos. Cuentos de Marineda - 8: Cuentos nuevos. Arco iris. Cuentos de amor. Cuentos sacro-profanos - 9: Un destripador de antaño (historias y cuentos de Galicia). En tranvía (cuentos dramáticos). Cuentos de Navidad y Reyes. Cuentos de la patria. Cuentos antiguos. Lecciones de literatura - 10: El fondo del alma. Sud-exprés (cuentos actuales). Cuentos trágicos. Cuentos de la tierra | |
| 700 | 1 |
_aVillanueva, Darío, _d1950- _9241353 |
|
| 700 | 1 |
_aGonzález Herrán, José Manuel. _958708 |
|
| 830 | 0 |
_aBiblioteca Castro _9178957 |
|
| 852 |
_aES-MaACL _jL-29821-30 |
||
| 942 | _2udc | ||
| 999 |
_c179954 _d179954 |
||